| 000 | 00746nam0a22002411 4500 | ||
|---|---|---|---|
| 001 | rc\2703015 | ||
| 005 | 20250623170859.0 | ||
| 035 | _a(NLR Aleph) 006831130 | ||
| 090 |
_a6546088 _c6546088 |
||
| 100 | _a20110915d1934 |||y0rusy50 ca | ||
| 101 | 0 | _arus | |
| 102 | _aRU | ||
| 105 | _ay z ||||| | ||
| 200 | 1 | _aТемник по рабочему изобретательству | |
| 210 |
_aМосква _cтип. Мособлисполкома _d1934 |
||
| 215 |
_a20 с. _d21х14 см. |
||
| 710 | 0 | 2 |
_a"Буревестник", обувная фабрика _cМосква _9849061 _3RU\NLR\AUTH\880591787 |
| 801 | 0 |
_aRU _bNLR _gpsbo |
|
| 801 | 1 |
_aRU _bELAR _2rusmarc |
|
| 852 |
_aNLR _j34-11/3614 |
||
| 942 | _cBOOK | ||
| 980 | _aNB | ||